| 000 | 00343nam a22001457a 4500 | ||
|---|---|---|---|
| 003 | SGT | ||
| 020 | _a978804747369 | ||
| 082 |
_a342.73 _bS04C |
||
| 100 | _aCAMPBELL, TOM | ||
| 245 | _aSEPARATION OF POWERS IN PRACTICE | ||
| 260 |
_aINDIA _bSTANFORD UNIVERSITY PRESS _c2004 |
||
| 300 | _a235 | ||
| 650 | _aPOLITICAL SCIENCE | ||
| 942 |
_2ddc _cBK |
||
| 999 |
_c26310 _d26310 |
||